[Event "TUR Cup"]
[Site "Denizli"]
[Date "2023.07.17"]
[Round "3"]
[White "Degirmenci, Yagiz"]
[Black "Gulbeyaz, Emir"]
[Result "0-1"]
[WhiteElo "1826"]
[BlackElo "2213"]
[PlyCount "60"]
[EventDate "2023.07.16"]
[EventType "team-tourn"]
[EventRounds "9"]
[EventCountry "TUR"]
[SourceTitle "CBM 215 Extra"]
[Source "ChessBase"]
[SourceDate "2023.09.30"]
[SourceVersion "1"]
[SourceVersionDate "2023.09.30"]
[SourceQuality "1"]

1. d4 g6 2. e4 Bg7 3. Nc3 c6 4. f4 d5 5. e5 Nh6 6. Nf3 Bg4 7. Be3 Qb6 8. Na4 Qa5+ 9. c3 Bxf3 10. gxf3 Nf5 11. b4 Qc7 12. Bd2 Nd7 13. Bd3 e6 14. Bxf5 exf5 15. Nc5 Nf8 16. 0-0 b6 17. Nd3 Ne6 18. Be3 0-0 19. Qd2 Rfd8 20. a3 Bf8 21. Qf2 Rac8 22. Rfd1 c5 23. Rac1 cxb4 24. cxb4 Qd7 25. Qb2 Rc4 26. Rxc4 dxc4 27. Nc1 Nc7 28. Ne2 Nd5 29. Qd2 Qa4 30. Nc3 Nxc3 0-1

[Event "TUR Cup"]
[Site "Denizli"]
[Date "2023.07.16"]
[Round "1"]
[White "Degirmenci, Yagiz"]
[Black "Avanoglu, Nurulllah"]
[Result "1-0"]
[WhiteElo "1826"]
[BlackElo "1583"]
[PlyCount "73"]
[EventDate "2023.07.16"]
[EventType "team-tourn"]
[EventRounds "9"]
[EventCountry "TUR"]
[SourceTitle "CBM 215 Extra"]
[Source "ChessBase"]
[SourceDate "2023.09.30"]
[SourceVersion "1"]
[SourceVersionDate "2023.09.30"]
[SourceQuality "1"]

1. d4 d5 2. Nf3 Nf6 3. c4 c6 4. e3 e6 5. Nc3 Nbd7 6. Bd3 Be7 7. 0-0 dxc4 8. Bxc4 Nb6 9. Bd3 Nbd5 10. e4 Nxc3 11. bxc3 0-0 12. e5 Nd5 13. c4 Nb4 14. Be4 f5 15. exf6 Bxf6 16. Rb1 a5 17. a3 Na6 18. Qd3 g6 19. Bh6 Bg7 20. Bxg7 Kxg7 21. Ne5 Rf4 22. Qe3 Qf8 23. g3 Rf6 24. h4 Nb8 25. h5 Nd7 26. hxg6 Nxe5 27. dxe5 Rxg6 28. Bxg6 hxg6 29. Kg2 b5 30. c5 Ba6 31. Rh1 Rd8 32. Qh6+ Kf7 33. Qg5 Kg7 34. Rh6 Qf5 35. Qe7+ Qf7 36. Rh7+ Kxh7 37. Qxf7+ 1-0

[Event "TUR-chT 2nd League"]
[Site "Konya"]
[Date "2019.07.25"]
[Round "5.1"]
[White "Degirmenci, Yagiz"]
[Black "Ozsakallioglu, Akin"]
[Result "0-1"]
[WhiteElo "1923"]
[BlackElo "1901"]
[PlyCount "138"]
[EventDate "2019.07.22"]
[EventType "team-swiss"]
[EventRounds "9"]
[EventCountry "TUR"]
[SourceTitle "CBM 191 Extra"]
[Source "ChessBase"]
[SourceDate "2019.09.30"]
[SourceVersion "1"]
[SourceVersionDate "2019.09.30"]
[SourceQuality "1"]
[WhiteTeam "Mercan Egitim"]
[BlackTeam "Koroglu Dernegi"]
[WhiteTeamCountry "TUR"]
[BlackTeamCountry "TUR"]

1. d4 Nf6 2. c4 g6 3. Nc3 Bg7 4. e4 d6 5. Nf3 Bg4 6. Be2 0-0 7. h3 Bxf3 8. Bxf3 Nfd7 9. 0-0 Nc6 10. Be3 e5 11. d5 Nd4 12. Bxd4 exd4 13. Ne2 d3 14. Qxd3 Bxb2 15. Rab1 Be5 16. g3 Nc5 17. Qc2 Re8 18. Bg2 b6 19. Nc1 Qd7 20. Nd3 Qa4 21. Qxa4 Nxa4 22. Nxe5 Rxe5 23. f4 Re7 24. e5 Rae8 25. e6 Nc5 26. Rbe1 Kg7 27. f5 gxf5 28. exf7 Kxf7 29. Rxf5+ Kg6 30. Ref1 Nd7 31. h4 Re1 32. h5+ Kh6 33. Rf7 R8e7 34. Rxe7 Rxe7 35. Bf3 Re3 36. Kf2 Ra3 37. g4 Ne5 38. Be2 Kg7 39. g5 Nf7 40. Rg1 Ne5 41. Ra1 Rc3 42. a4 a5 43. Ra2 Nf7 44. g6 hxg6 45. hxg6 Ne5 46. Ra1 Nxc4 47. Bxc4 Rxc4 48. Ke3 Kxg6 49. Kd3 Rb4 50. Rc1 Kf6 51. Rxc7 Ke5 52. Rc4 Kxd5 53. Rc1 Rxa4 54. Rh1 Ra3+ 55. Kc2 Rg3 56. Rh5+ Kc4 57. Rh4+ Kc5 58. Rh8 b5 59. Kb2 a4 60. Ka2 d5 61. Rc8+ Kb4 62. Rc2 d4 63. Rb2+ Rb3 64. Rh2 d3 65. Rh8 Kc3 66. Rc8+ Kd2 67. Rh8 Kc2 68. Rh1 d2 69. Rh2 Rd3 0-1

[Event "TUR Cup"]
[Site "Antalya"]
[Date "2019.01.27"]
[Round "1"]
[White "Degirmenci, Yagiz"]
[Black "Deveci, Halit"]
[Result "1-0"]
[WhiteElo "1872"]
[BlackElo "1621"]
[PlyCount "107"]
[EventDate "2019.01.27"]
[EventType "swiss"]
[EventRounds "11"]
[EventCountry "TUR"]
[SourceTitle "CBM 188 Extra"]
[Source "ChessBase"]
[SourceDate "2019.02.26"]
[SourceVersion "1"]
[SourceVersionDate "2019.02.26"]
[SourceQuality "1"]

1. c4 Nf6 2. g3 e5 3. Bg2 d6 4. Nc3 Be7 5. Nf3 0-0 6. 0-0 c6 7. d3 h6 8. h3 Nbd7 9. e4 Re8 10. Be3 Nf8 11. d4 exd4 12. Nxd4 Ne6 13. Nf5 Bf8 14. Qc2 Nc7 15. Rad1 Bxf5 16. exf5 Qd7 17. Rd2 b6 18. Rfd1 Rad8 19. Qd3 Na6 20. Bd4 Be7 21. a3 Nc5 22. Qc2 Qc7 23. b4 Ncd7 24. Qa4 Rc8 25. Re2 Bf8 26. Rde1 Rxe2 27. Rxe2 Ne5 28. Qc2 Re8 29. f4 Ned7 30. Ne4 Nxe4 31. Rxe4 Rxe4 32. Qxe4 c5 33. Bb2 Nf6 34. Bxf6 gxf6 35. b5 Qe7 36. Kf2 Qxe4 37. Bxe4 Be7 38. Ke3 Kf8 39. Bf3 Ke8 40. Ke4 Kd7 41. Kd5 Bf8 42. Bh5 Be7 43. Bxf7 Bf8 44. g4 Bg7 45. Be6+ Kc7 46. h4 Bf8 47. g5 Bg7 48. Ke4 Kd8 49. Kf3 Ke7 50. Kg4 Kf8 51. Kh5 Ke7 52. Kg6 Kf8 53. gxh6 Bh8 54. Kh7 1-0

[Event "TUR-chT2"]
[Site "Konya"]
[Date "2018.07.11"]
[Round "2.4"]
[White "Akin, Batikan Aybey"]
[Black "Degirmenci, Yagiz"]
[Result "1/2-1/2"]
[WhiteElo "1573"]
[BlackElo "1829"]
[PlyCount "95"]
[EventDate "2018.07.10"]
[EventType "team-swiss"]
[EventRounds "9"]
[EventCountry "TUR"]
[SourceTitle "EXT 2019"]
[Source "ChessBase"]
[SourceDate "2018.10.10"]
[SourceVersion "1"]
[SourceVersionDate "2018.10.10"]
[SourceQuality "1"]
[WhiteTeam "Mugla Dalaman"]
[BlackTeam "Siirt Cedid"]
[WhiteTeamCountry "TUR"]
[BlackTeamCountry "TUR"]

1. e4 g6 2. d4 Bg7 3. Nf3 d6 4. Bd3 Nd7 5. 0-0 c6 6. c3 Qc7 7. Nbd2 Ngf6 8. a4 0-0 9. Nc4 e5 10. Re1 Re8 11. Qc2 b6 12. Bd2 Bb7 13. Rac1 Rad8 14. Qb3 h6 15. Bb1 Nh5 16. Ne3 Ndf6 17. Nf1 c5 18. d5 g5 19. Ne3 Bc8 20. a5 Nf4 21. axb6 axb6 22. Nc4 Nd7 23. Kh1 Ba6 24. Bxf4 Bxc4 25. Qxc4 exf4 26. h3 Ne5 27. Nxe5 Rxe5 28. g4 fxg3 29. fxg3 g4 30. h4 Qe7 31. Rf1 Rh5 32. Rc2 Be5 33. Qe2 Qd7 34. Qg2 Kh8 35. Rcf2 f6 36. Rf5 Rxf5 37. Rxf5 Ra8 38. Kh2 Ra1 39. Rf1 Qe7 40. Qd2 Kh7 41. Qe2 Qg7 42. Bd3 Ra2 43. Bb1 Ra5 44. Bd3 Ra2 45. Bb1 Ra8 46. Qb5 Rb8 47. Bc2 Qa7 48. Bb3 1/2-1/2

[Event "TUR Cup										"]
[Site "Antalya"]
[Date "2018.02.01"]
[Round "8"]
[White "Korkmaz, Necmettin"]
[Black "Degirmenci, Yagiz"]
[Result "1-0"]
[WhiteElo "2093"]
[BlackElo "1837"]
[PlyCount "88"]
[EventDate "2018.01.27"]
[EventType "swiss"]
[EventRounds "11"]
[EventCountry "TUR"]
[SourceTitle "CBM 182 Extra"]
[Source "ChessBase"]
[SourceDate "2018.02.23"]
[SourceVersion "1"]
[SourceVersionDate "2018.02.23"]
[SourceQuality "1"]

1. e4 c6 2. d4 d5 3. Nc3 dxe4 4. Nxe4 Bf5 5. Ng3 Bg6 6. h4 h6 7. Nf3 Nf6 8. h5 Bh7 9. Bd3 Bxd3 10. Qxd3 e6 11. Bd2 Bd6 12. Ne4 Nxe4 13. Qxe4 Nd7 14. 0-0-0 Nf6 15. Qe2 Qc7 16. Kb1 0-0-0 17. c4 Rhe8 18. Bc3 c5 19. Rc1 Kb8 20. a3 Qc6 21. Rh4 Bc7 22. dxc5 Qxc5 23. Ne5 Bxe5 24. Bxe5+ Ka8 25. Rf4 Re7 26. Bxf6 gxf6 27. Rxf6 Red7 28. Rc2 Qg5 29. Qf3 Rd3 30. Qf4 Qxh5 31. Qxh6 Qd1+ 32. Qc1 Qg4 33. f3 Qd4 34. Qf4 Rd1+ 35. Ka2 Qg1 36. Qc7 R1d7 37. Qa5 Qd1 38. Rc3 b6 39. Qe5 Qh1 40. Qe4+ Kb8 41. Qf4+ Kb7 42. Rxf7 Qxg2 43. c5 bxc5 44. Rxc5 Qg6 1-0

[Event "TUR Cup										"]
[Site "Antalya"]
[Date "2018.01.29"]
[Round "4"]
[White "Degirmenci, Yagiz"]
[Black "Celik, Erdinc"]
[Result "1-0"]
[WhiteElo "1837"]
[BlackElo "1686"]
[PlyCount "101"]
[EventDate "2018.01.27"]
[EventType "swiss"]
[EventRounds "11"]
[EventCountry "TUR"]
[SourceTitle "CBM 182 Extra"]
[Source "ChessBase"]
[SourceDate "2018.02.23"]
[SourceVersion "1"]
[SourceVersionDate "2018.02.23"]
[SourceQuality "1"]

1. c4 e5 2. Nc3 Nc6 3. g3 Nf6 4. Bg2 Be7 5. d3 0-0 6. Nf3 d6 7. 0-0 h6 8. a3 Re8 9. b4 Bf8 10. Bb2 Bg4 11. Ne4 Nxe4 12. dxe4 b6 13. h3 Be6 14. Rc1 Rb8 15. Kh2 g5 16. Qa4 Bd7 17. Qb3 Qe7 18. Rh1 Bg7 19. Qd3 Be6 20. Kg1 f6 21. Nh2 Qf7 22. Nf1 Ne7 23. g4 h5 24. Ne3 Rbd8 25. Nf5 Ng6 26. e3 h4 27. Bf3 Kh7 28. Kh2 Bf8 29. Rhd1 Qd7 30. Qc3 Qc6 31. Kg2 Bc8 32. Rd2 Bb7 33. Rcd1 Ne7 34. Nxe7 Bxe7 35. a4 Rf8 36. Ra1 Qe8 37. a5 Qg6 38. axb6 axb6 39. Ra7 Bxe4 40. Rxc7 Bxf3+ 41. Kxf3 Rf7 42. e4 Rdf8 43. Qd3 Kh6 44. Rd1 b5 45. Kg2 bxc4 46. Qxc4 Rd8 47. b5 f5 48. exf5 Qf6 49. Bxe5 Qxe5 50. Qxf7 Rh8 51. Qg6# 1-0

[Event "EU-ch U18 27th"]
[Site "Mamaia"]
[Date "2017.09.12"]
[Round "7"]
[White "Ivanov, Boris1111"]
[Black "Degirmenci, Yagiz"]
[Result "1/2-1/2"]
[WhiteElo "1982"]
[BlackElo "1868"]
[PlyCount "86"]
[EventDate "2017.09.05"]
[EventType "swiss"]
[EventRounds "9"]
[EventCountry "ROU"]
[SourceTitle "EXT 2018"]
[Source "ChessBase"]
[SourceDate "2017.10.13"]
[SourceVersion "1"]
[SourceVersionDate "2017.10.13"]
[SourceQuality "1"]

1. e4 g6 2. d4 Bg7 3. Nc3 d6 4. Be3 c6 5. f4 Nf6 6. Nf3 Qa5 7. Bd3 Na6 8. a3 Bd7 9. 0-0 Ng4 10. Qe2 Nxe3 11. Qxe3 c5 12. Ne2 cxd4 13. Nexd4 Qb6 14. e5 0-0 15. Rae1 Bg4 16. b4 Rad8 17. Nb3 Qxe3+ 18. Rxe3 Bxf3 19. Rfxf3 dxe5 20. fxe5 Nc7 21. Re1 b6 22. c4 Ne6 23. Bf1 Rd7 24. Rc3 Rfd8 25. c5 Rd5 26. cxb6 axb6 27. Rce3 Bh6 28. Re4 Ng5 29. Rc4 Ra8 30. Nd4 Rxa3 31. Rc8+ Kg7 32. Nc6 Rd7 33. Re8 Ne6 34. Nxe7 Be3+ 35. Kh1 Bf2 36. Rb1 Rda7 37. g3 Ng5 38. Rg8+ Kh6 39. Nd5 Ra8 40. Rxa8 Rxa8 41. Nf6 Kg7 42. Rd1 h5 43. Bg2 Rb8 1/2-1/2

[Event "EU-ch U18 27th"]
[Site "Mamaia"]
[Date "2017.09.08"]
[Round "4"]
[White "Sinanovic, Ermin"]
[Black "Degirmenci, Yagiz"]
[Result "1/2-1/2"]
[WhiteElo "2065"]
[BlackElo "1868"]
[PlyCount "40"]
[EventDate "2017.09.05"]
[EventType "swiss"]
[EventRounds "9"]
[EventCountry "ROU"]
[SourceTitle "CBM 180 Extra"]
[Source "ChessBase"]
[SourceDate "2017.10.06"]
[SourceVersion "1"]
[SourceVersionDate "2017.10.06"]
[SourceQuality "1"]

1. e4 d6 2. d4 Nf6 3. Nc3 g6 4. Be3 Bg7 5. f3 c6 6. Qd2 h5 7. 0-0-0 b5 8. d5 b4 9. Nce2 c5 10. e5 Nh7 11. e6 fxe6 12. Nf4 Qa5 13. Kb1 Nf8 14. dxe6 g5 15. Nd5 Bxe6 16. Nh3 Nc6 17. Nxg5 Rb8 18. Nxe6 Nxe6 19. Bd3 Qa3 20. bxa3 bxa3+ 1/2-1/2

[Event "TUR-chT 1st League"]
[Site "Konya"]
[Date "2017.07.21"]
[Round "7.10"]
[White "Degirmenci, Yagiz"]
[Black "Baltaci, Ismail Tarik"]
[Result "0-1"]
[WhiteElo "1917"]
[BlackElo "1882"]
[PlyCount "136"]
[EventDate "2017.07.17"]
[EventType "team-swiss"]
[EventRounds "9"]
[EventCountry "TUR"]
[SourceTitle "CBM 179 Extra"]
[Source "ChessBase"]
[SourceDate "2017.08.23"]
[SourceVersion "1"]
[SourceVersionDate "2017.08.23"]
[SourceQuality "1"]
[WhiteTeam "Boranlar Mersin Toyota"]
[BlackTeam "Yalova Belediye"]
[WhiteTeamCountry "TUR"]
[BlackTeamCountry "TUR"]

1. d4 Nf6 2. Nf3 g6 3. c4 Bg7 4. Nc3 d6 5. e4 0-0 6. Be2 Nbd7 7. 0-0 e5 8. dxe5 dxe5 9. Qc2 c6 10. h3 Qc7 11. Nd2 a5 12. b3 Re8 13. Na4 b6 14. Rd1 Bf8 15. Nf1 Nc5 16. Nxc5 Bxc5 17. Be3 Nd7 18. Bg4 Bxe3 19. Nxe3 Nc5 20. Rd2 Be6 21. Bxe6 Nxe6 22. Ng4 Kg7 23. Qb2 f6 24. Rad1 Red8 25. Qc1 Nf4 26. c5 b5 27. Kh1 h5 28. Nh2 Ne6 29. Nf3 Rxd2 30. Rxd2 Rd8 31. a3 Rxd2 32. Nxd2 Qa7 33. b4 axb4 34. axb4 Qa2 35. Qc3 Nd4 36. Kh2 Qc2 37. Qxc2 Nxc2 38. Kg3 Nxb4 39. Nb3 Nc2 40. f3 Nd4 41. Nd2 b4 42. Kf2 b3 43. Ke3 b2 44. Kd3 Nb3 45. Nb1 Nxc5+ 46. Kc3 Ne6 47. Kxb2 Nf4 48. g3 Nxh3 49. Kc3 Ng1 50. f4 Ne2+ 51. Kd3 Nxg3 52. fxe5 fxe5 53. Nd2 Kf6 54. Ke3 g5 55. Kf3 h4 56. Kg4 c5 57. Nc4 Nxe4 58. Nb6 Kg6 59. Kf3 Nf6 60. Ke2 g4 61. Nc4 e4 62. Ke3 h3 63. Kf2 Nd5 64. Nb2 e3+ 65. Kg3 Kf5 66. Nd3 c4 67. Nc1 Nc3 68. Kh2 e2 0-1

[Event "TUR-chT 1st League"]
[Site "Konya"]
[Date "2017.07.20"]
[Round "5.8"]
[White "Degirmenci, Yagiz"]
[Black "Sari, Yasin"]
[Result "0-1"]
[WhiteElo "1917"]
[BlackElo "2195"]
[PlyCount "60"]
[EventDate "2017.07.17"]
[EventType "team-swiss"]
[EventRounds "9"]
[EventCountry "TUR"]
[SourceTitle "CBM 179 Extra"]
[Source "ChessBase"]
[SourceDate "2017.08.23"]
[SourceVersion "1"]
[SourceVersionDate "2017.08.23"]
[SourceQuality "1"]
[WhiteTeam "Boranlar Mersin Toyota"]
[BlackTeam "Denizli Metin Surmeli"]
[WhiteTeamCountry "TUR"]
[BlackTeamCountry "TUR"]

1. Nf3 Nf6 2. g3 d5 3. Bg2 Bf5 4. 0-0 e6 5. d4 Be7 6. Nbd2 h6 7. c3 0-0 8. Qb3 Qc8 9. Nh4 Bh7 10. Re1 Ne4 11. Bxe4 dxe4 12. Ng2 c5 13. e3 Nd7 14. a4 Nf6 15. Qc4 Qd7 16. dxc5 Ng4 17. Qd4 Qc6 18. b4 Rfd8 19. Qc4 Ne5 20. Qa2 Bf6 21. Nf4 Bf5 22. h3 Nd3 23. Nxd3 Rxd3 24. g4 Bg6 25. Rb1 Bxc3 26. Re2 a5 27. bxa5 Rxa5 28. Qc2 Rxc5 29. Qa2 Bf6 30. Nb3 Rd1+ 0-1

[Event "TUR-chT 1st League"]
[Site "Konya"]
[Date "2017.07.19"]
[Round "4.7"]
[White "Yaver, Faik Emre"]
[Black "Degirmenci, Yagiz"]
[Result "1-0"]
[WhiteElo "2100"]
[BlackElo "1917"]
[PlyCount "107"]
[EventDate "2017.07.17"]
[EventType "team-swiss"]
[EventRounds "9"]
[EventCountry "TUR"]
[SourceTitle "CBM 179 Extra"]
[Source "ChessBase"]
[SourceDate "2017.08.23"]
[SourceVersion "1"]
[SourceVersionDate "2017.08.23"]
[SourceQuality "1"]
[WhiteTeam "Ankara Dernegi"]
[BlackTeam "Boranlar Mersin Toyota"]
[WhiteTeamCountry "TUR"]
[BlackTeamCountry "TUR"]

1. e4 d6 2. d4 g6 3. Nc3 Bg7 4. Bg5 h6 5. Bh4 c5 6. dxc5 Qa5 7. Qd2 Qxc5 8. f3 Be6 9. Bb5+ Nd7 10. Nge2 Ngf6 11. Bf2 Qc8 12. Be3 Kf8 13. 0-0 Ne5 14. b3 a6 15. Bd3 b5 16. Rac1 Qb7 17. Nf4 Nxd3 18. cxd3 Kg8 19. Nxe6 fxe6 20. Ne2 Kh7 21. Rc2 Rhc8 22. Rfc1 Nd7 23. Nf4 Nf8 24. d4 Rxc2 25. Qxc2 Bxd4 26. Bxd4 e5 27. Bxe5 dxe5 28. Nd5 Qa7+ 29. Kh1 Ne6 30. Qc6 Nf4 31. Qc7 Ne2 32. Rc5 h5 33. Nxe7 Qxc7 34. Rxc7 Kh6 35. h4 Re8 36. Nd5 Re6 37. Kh2 g5 38. hxg5+ Kxg5 39. Rc8 Nd4 40. Rg8+ Kh6 41. Ra8 Kg5 42. Nb4 Kf4 43. Rxa6 Re8 44. Nd5+ Kg5 45. Rb6 Ra8 46. Nc3 Ra5 47. b4 Ra3 48. Nxb5 Rxa2 49. Nxd4 exd4 50. Rd6 Rd2 51. b5 Kf4 52. b6 Ke5 53. Rd5+ Kf4 54. Rb5 1-0

[Event "TUR-chT 1st League"]
[Site "Konya"]
[Date "2017.07.18"]
[Round "3.10"]
[White "Degirmenci, Yagiz"]
[Black "Bulgurlu, Okan"]
[Result "1/2-1/2"]
[WhiteElo "1917"]
[BlackElo "1965"]
[PlyCount "93"]
[EventDate "2017.07.17"]
[EventType "team-swiss"]
[EventRounds "9"]
[EventCountry "TUR"]
[SourceTitle "CBM 179 Extra"]
[Source "ChessBase"]
[SourceDate "2017.08.23"]
[SourceVersion "1"]
[SourceVersionDate "2017.08.23"]
[SourceQuality "1"]
[WhiteTeam "Boranlar Mersin Toyota"]
[BlackTeam "Pamukkale Universiteli"]
[WhiteTeamCountry "TUR"]
[BlackTeamCountry "TUR"]

1. d4 d5 2. Nf3 Nf6 3. e3 e6 4. Be2 c5 5. 0-0 Nc6 6. b3 Be7 7. Bb2 0-0 8. Nbd2 cxd4 9. exd4 b6 10. a3 Ne4 11. Ne5 Nxe5 12. dxe5 Qc7 13. Bd3 Bb7 14. Re1 Rfd8 15. Qe2 Rac8 16. Bxe4 dxe4 17. c4 Rd3 18. b4 h6 19. Nxe4 Bxe4 20. Qxe4 Qxc4 21. Qb7 Bg5 22. h4 Rc7 23. Qa8+ Rd8 24. Qf3 Bd2 25. Re2 Qxh4 26. Rd1 Bf4 27. Rxd8+ Qxd8 28. Re4 Bg5 29. Rd4 Qc8 30. Rd3 Rc4 31. g3 Bc1 32. Bxc1 Rxc1+ 33. Kg2 Qc6 34. Rd8+ Kh7 35. Qxc6 Rxc6 36. Rd7 a5 37. Rxf7 axb4 38. axb4 Rc4 39. Re7 Rxb4 40. Rxe6 Kg8 41. Kf3 Kf7 42. Rc6 b5 43. Ke3 Rb2 44. g4 Rb3+ 45. Ke4 Rb2 46. Rc7+ Ke8 47. Rb7 1/2-1/2

[Event "Ankara Baskent Univ op 2nd"]
[Site "Ankara"]
[Date "2017.07.03"]
[Round "5"]
[White "Bolat, Ahmet"]
[Black "Degirmenci, Yagiz"]
[Result "0-1"]
[WhiteElo "2178"]
[BlackElo "1917"]
[PlyCount "104"]
[EventDate "2017.06.30"]
[EventType "swiss"]
[EventRounds "9"]
[EventCountry "TUR"]
[SourceTitle "CBM 179 Extra"]
[Source "ChessBase"]
[SourceDate "2017.08.23"]
[SourceVersion "1"]
[SourceVersionDate "2017.08.23"]
[SourceQuality "1"]

1. e4 c6 2. d3 d5 3. Nd2 Nd7 4. g3 Ngf6 5. Bg2 dxe4 6. dxe4 e5 7. Ngf3 Qc7 8. 0-0 Bc5 9. c3 0-0 10. Qe2 Re8 11. Nh4 Nf8 12. Nf5 Ng6 13. Rd1 a5 14. Nc4 b5 15. Be3 Bxe3 16. Ncxe3 Be6 17. h4 Bxf5 18. exf5 Nf4 19. Qf3 Nxg2 20. Kxg2 e4 21. Qe2 Qe5 22. a4 h5 23. Rd4 c5 24. Rd2 b4 25. Qc4 bxc3 26. bxc3 Rad8 27. Rad1 Rxd2 28. Rxd2 Rb8 29. Nd5 Re8 30. Nxf6+ Qxf6 31. Qxc5 Re5 32. Rd5 Rxd5 33. Qxd5 e3 34. fxe3 Qxc3 35. Qa8+ Kh7 36. Qe4 Qd2+ 37. Kh3 Qd1 38. g4 Qf1+ 39. Kg3 Qg1+ 40. Kf4 Qxg4+ 41. Ke5 Qd1 42. f6+ g6 43. Qd4 Qc2 44. Kd6 Qc8 45. Ke7 Qe6+ 46. Kf8 g5 47. hxg5 Kg6 48. Qc5 h4 49. Qe7 Qc4 50. Qd7 Qb4+ 51. Qe7 Qb8+ 52. Qe8 Qxe8+ 0-1

[Event "TUR Cup"]
[Site "Antalya"]
[Date "2017.02.02"]
[Round "9"]
[White "Degirmenci, Yagiz"]
[Black "Koker, Turan Sevki"]
[Result "1/2-1/2"]
[WhiteElo "1964"]
[BlackElo "1785"]
[PlyCount "76"]
[EventDate "2017.01.28"]
[EventType "swiss"]
[EventRounds "11"]
[EventCountry "TUR"]
[SourceTitle "CBM 176 Extra"]
[Source "ChessBase"]
[SourceDate "2017.03.02"]
[SourceVersion "1"]
[SourceVersionDate "2017.03.02"]
[SourceQuality "1"]

1. d4 d5 2. Nf3 Nf6 3. g3 e6 4. Bg2 Be7 5. c3 0-0 6. Nbd2 c5 7. 0-0 Nc6 8. e3 b6 9. b3 cxd4 10. exd4 Ba6 11. Re1 Rc8 12. Bb2 Na5 13. Ne5 b5 14. b4 Nc4 15. Ndxc4 dxc4 16. a4 Qc7 17. Bc6 Qb6 18. axb5 Bxb5 19. Bxb5 Qxb5 20. Rxa7 Bd6 21. Ra5 Qb7 22. Qf3 Nd5 23. Rea1 Bxe5 24. dxe5 Rc7 25. Qe4 Rb8 26. Qd4 h6 27. Ra7 Qc8 28. Rxc7 Qxc7 29. Ra7 Qb6 30. Qxb6 Nxb6 31. Ra6 Kf8 32. Bc1 Ra8 33. Rxa8+ Nxa8 34. Be3 Nc7 35. Bd4 Ke8 36. Kf1 Kd7 37. Ke2 h5 38. Ke3 Kc6 1/2-1/2

[Event "TUR Cup"]
[Site "Antalya"]
[Date "2017.01.31"]
[Round "6"]
[White "Gencsoy, Sukru Gorkem"]
[Black "Degirmenci, Yagiz"]
[Result "1/2-1/2"]
[WhiteElo "1614"]
[BlackElo "1964"]
[PlyCount "37"]
[EventDate "2017.01.28"]
[EventType "swiss"]
[EventRounds "11"]
[EventCountry "TUR"]
[SourceTitle "CBM 176 Extra"]
[Source "ChessBase"]
[SourceDate "2017.03.02"]
[SourceVersion "1"]
[SourceVersionDate "2017.03.02"]
[SourceQuality "1"]

1. e4 d6 2. f4 c5 3. Nf3 Nc6 4. b3 Nf6 5. Nc3 e6 6. Bb5 Bd7 7. 0-0 a6 8. Bxc6 Bxc6 9. d3 Be7 10. h3 h6 11. Qe2 b5 12. a4 b4 13. Nd1 0-0 14. Kh2 d5 15. e5 Nh7 16. Ne3 d4 17. Nc4 Bd5 18. Ncd2 f5 19. Rg1 1/2-1/2

[Event "Ankara Baskent Univ op 2nd"]
[Site "Ankara"]
[Date "2017.??.??"]
[Round "7"]
[White "Degirmenci, Yagiz"]
[Black "Dalgar, Hakki Berat"]
[Result "1-0"]
[WhiteElo "1917"]
[BlackElo "2171"]
[PlyCount "162"]
[EventDate "2017.06.30"]
[EventType "swiss"]
[EventRounds "9"]
[EventCountry "TUR"]
[SourceTitle "CBM 179 Extra"]
[Source "ChessBase"]
[SourceDate "2017.08.23"]
[SourceVersion "1"]
[SourceVersionDate "2017.08.23"]
[SourceQuality "1"]

1. d4 f5 2. Nc3 Nf6 3. Bg5 d5 4. e3 e6 5. Nf3 c5 6. Bb5+ Bd7 7. Qe2 Be7 8. 0-0 0-0 9. Ne5 a6 10. Bxd7 Nbxd7 11. Nxd7 Qxd7 12. f3 h6 13. Bh4 Rac8 14. Bf2 Qc6 15. a4 Ne8 16. e4 cxd4 17. exd5 exd5 18. Bxd4 Bc5 19. Qf2 Nf6 20. Rfe1 Rfd8 21. Rad1 Bxd4 22. Qxd4 Qc5 23. Re5 Qxd4+ 24. Rxd4 Rc4 25. Rxc4 dxc4 26. Kf2 f4 27. Ke2 Re8 28. Rxe8+ Nxe8 29. Ne4 Kf7 30. Kd2 b5 31. axb5 axb5 32. Kc3 Ke6 33. Kb4 Nc7 34. Nc3 Ke5 35. Nxb5 Nd5+ 36. Kxc4 Ne3+ 37. Kc5 Nxc2 38. b4 Ne1 39. Nc3 Nd3+ 40. Kc4 Nb2+ 41. Kb5 Kd4 42. Ne4 Nd3 43. Ka5 g5 44. b5 Ne5 45. Ka6 g4 46. b6 gxf3 47. gxf3 Nd7 48. b7 Ke3 49. Ka7 Kxf3 50. Nc5 Nxc5 51. b8Q Ne4 52. Qf8 h5 53. Qf5 Ke3 54. Qxh5 f3 55. Qh3 Nd2 56. Qe6+ Ne4 57. Qb3+ Ke2 58. Qc4+ Ke3 59. h4 Ng3 60. Qe6+ Kf4 61. Qh6+ Ke4 62. Qe6+ Kf4 63. Qh3 Nh5 64. Qh2+ Kg4 65. Qf2 Ng3 66. Qd4+ Kh3 67. Qf6 Kg2 68. Qc6 Nh5 69. Qe4 Ng3 70. Qd5 Kh3 71. Qxf3 Kxh4 72. Kb6 Nh5 73. Kc5 Kg5 74. Kd5 Nf4+ 75. Ke4 Ng6 76. Qf5+ Kh6 77. Qf6 Kh5 78. Kf3 Nh4+ 79. Kg3 Ng6 80. Qf5+ Kh6 81. Kg4 Nh8 1-0

[Event "Mersin op 1st"]
[Site "Mersin"]
[Date "2016.10.27"]
[Round "6"]
[White "Aliyev, Elnur Fakhraddin Og"]
[Black "Degirmenci, Yagiz"]
[Result "1-0"]
[WhiteElo "2103"]
[BlackElo "1984"]
[PlyCount "85"]
[EventDate "2016.10.23"]
[EventType "swiss"]
[EventRounds "9"]
[EventCountry "TUR"]
[SourceTitle "EXT 2018"]
[Source "ChessBase"]
[SourceDate "2017.10.13"]
[SourceVersion "1"]
[SourceVersionDate "2017.10.13"]
[SourceQuality "1"]

1. d4 Nf6 2. c4 d6 3. Nf3 Nbd7 4. g3 e5 5. Bg2 Be7 6. b3 0-0 7. Bb2 e4 8. Nfd2 e3 9. fxe3 Ng4 10. Nf1 Bg5 11. Qd3 Qf6 12. Bf3 Nc5 13. Qd2 Na6 14. Nc3 Re8 15. Nd5 Qh6 16. Nf4 c5 17. h3 Nf6 18. dxc5 dxc5 19. h4 Bxf4 20. exf4 Bf5 21. Ne3 Be4 22. Bxf6 Qxf6 23. Kf2 Bxf3 24. exf3 Nb4 25. Rad1 Rad8 26. Nd5 Nxd5 27. cxd5 Qd6 28. Rhe1 g6 29. f5 gxf5 30. Qg5+ Qg6 31. d6 Qxg5 32. Rxe8+ Rxe8 33. hxg5 b6 34. f4 Rd8 35. Kf3 Kg7 36. g4 fxg4+ 37. Kxg4 Kg6 38. f5+ Kg7 39. f6+ Kf8 40. d7 b5 41. Rd5 c4 42. bxc4 bxc4 43. Rc5 1-0

[Event "Mersin op 1st"]
[Site "Mersin"]
[Date "2016.10.25"]
[Round "4"]
[White "Yassibag, Ipek Asli"]
[Black "Degirmenci, Yagiz"]
[Result "0-1"]
[WhiteElo "1868"]
[BlackElo "1984"]
[PlyCount "72"]
[EventDate "2016.10.23"]
[EventType "swiss"]
[EventRounds "9"]
[EventCountry "TUR"]
[SourceTitle "EXT 2018"]
[Source "ChessBase"]
[SourceDate "2017.10.13"]
[SourceVersion "1"]
[SourceVersionDate "2017.10.13"]
[SourceQuality "1"]

1. c4 Nf6 2. Nc3 d6 3. g3 Nbd7 4. Bg2 e5 5. e4 Nb6 6. d3 h5 7. h4 c6 8. Bg5 Be7 9. b4 Be6 10. Nge2 Qd7 11. Rb1 Ng4 12. Bd2 f5 13. f3 Nf6 14. f4 fxe4 15. Nxe4 Ng4 16. 0-0 0-0 17. Nf2 Qd8 18. Nxg4 Bxg4 19. Bf3 Bxf3 20. Rxf3 Nd7 21. Nc3 Nf6 22. fxe5 dxe5 23. Bg5 Ng4 24. Rxf8+ Qxf8 25. Ne4 Bxg5 26. hxg5 Qd8 27. Qe2 Qd4+ 28. Kh1 Rf8 29. Rf1 Rxf1+ 30. Qxf1 Qb2 31. Qg1 Qe2 32. Qg2 Qxd3 33. Nd2 Qc3 34. Nf1 Qxc4 35. a3 e4 36. g6 e3 0-1